Officia sanctorum in breviario romano ex mandato summorum pontificum noviter apponenda tan de precepto,...

Detalles Bibliográficos
Formato: Libro
Publicado: México 1788
Materias:
Colección:Banco de datos
Acervo:Biblioteca del Convento de San Pablo. Yuririahupándaro. Guanajuato
Tema general:Liturgia
Notas:Regular. Ex libris manuscrito de Tomás de Villanueva. 3I6, 14.
LEADER 00720nam a22001810004500
035 |a 38562 
036 |a 4203 
245 1 0 |a Officia sanctorum in breviario romano ex mandato summorum pontificum noviter apponenda tan de precepto,... 
260 |a México  |b Herederos de José de Jáuregui imp.  |c 1788 
500 |a Regular. Ex libris manuscrito de Tomás de Villanueva. 3I6, 14. 
650 1 0 |a Liturgia 
949 |a CRG-CY 
959 |a Ex convento de San Pablo, Museo Regional de Yuririahpúndaro, Guanajuato  |b CCC9 
960 |a Convento San Pablo Yuririahpúndaro, Guanajuato  |b DD86 
961 |a Agustina  |b OA 
942 |c CRG-CY 
943 |g Biblioteca del Convento de San Pablo. Yuririahupándaro. Guanajuato 
999 |c 959228  |d 959228